Gustaf III Airport Destinations (St. Jean, Saint Barthélemy) - Statistics

General Stats
  • This quiz has been taken 20 times
  • The average score is 5 of 8
Answer Stats
Airline Destination % Correct
St Barth Commuter/West Indies Helicopters/Winair Saint Maarten
88%
Tradewind Aviation/West Indies Helicopters Anguilla
69%
West Indies Helicopters/Winair Saba
69%
St Barth Commuter/West Indies Helicopters Saint Martin
69%
St Barth Commuter/Tradewind Aviation/West Indies Helicopters/Winair Antigua
63%
St Barth Executive/Tradewind Aviation San Juan
50%
Tradewind Aviation Saint Thomas
44%
Air Antilles/Air Inter Iles/St Barth Commuter/St Barth Executive/West Indies Helicopters Pointe-à-Pitre
38%
No matching quizzes found
Score Distribution
Percent of People with Each Score
Percentile by Number Answered
Your Score History
You have not taken this quiz